000 00388nam a2200169Ia 4500
008 210210b1953 xxu||||| |||| 00| 0 eng d
041 _aeng
082 _a331/161
100 _aPAREKH (H T)
245 _aBombay money market
260 _aLondon
_bOxford University Press
_c1953
650 _amoney
650 _amarket
650 _aBombay
690 _aBanking
906 _a004063
999 _c122496
_d122496